000 00697nam a2200241Ia 4500
003 OSt
005 20220927105708.0
006 a|||||r|||| 00| 0
007 ta
008 220926b |||||||| |||| 00| 0 eng d
024 _a196634
037 _cReference Collections
040 _aRTL
_cRTL
_beng
041 _2eng
_aeng
082 _a"U21.73, G1"
100 _aJohnson Douglas
_9374251
245 0 _aStream sculpture on the atlantic
260 _alondon
_bHafner Publishing company
_c1931
300 _axxii 142p
_ccm.
500 _aBibliography: P 309-360; Glossary: P 307-308
942 _h"U21.73, G1"
_cCC
999 _c693959
_d693959